The yen in a new international monetary order : Sumary and proposals
সংরক্ষণ করুন:
| বিন্যাস: | গ্রন্থ |
|---|---|
| ভাষা: | Undetermined |
| প্রকাশিত: |
Japan
Japan Economic Research Institute
1973
|
| বিষয়গুলি: | |
| ট্যাগগুলো: |
ট্যাগ যুক্ত করুন
কোনো ট্যাগ নেই, প্রথমজন হিসাবে ট্যাগ করুন!
|
| Thư viện lưu trữ: | Trung tâm Học liệu Trường Đại học Cần Thơ |
|---|
| LEADER | 00511nam a2200169Ia 4500 | ||
|---|---|---|---|
| 001 | CTU_96732 | ||
| 008 | 210402s9999 xx 000 0 und d | ||
| 082 | |a 332.46 | ||
| 082 | |b Y45 | ||
| 245 | 4 | |a The yen in a new international monetary order : | |
| 245 | 0 | |b Sumary and proposals | |
| 260 | |a Japan | ||
| 260 | |b Japan Economic Research Institute | ||
| 260 | |c 1973 | ||
| 650 | |a International monetary fund,Monetary policy | ||
| 904 | |i Trọng Hải | ||
| 980 | |a Trung tâm Học liệu Trường Đại học Cần Thơ | ||